ბათუმის შოთა რუსთაველის სახელმწიფო უნივერსიტეტის ბიბლიოთეკა

ტყეთმოწყობის პრაქტიკუმი. (ბიბ.ჩანაწერი № 35310)

000 -LEADER
fixed length control field 00690nam a2200229Ia 4500
001 - CONTROL NUMBER
control field 1161
003 - CONTROL NUMBER IDENTIFIER
control field GE_BSU
008 - FIXED-LENGTH DATA ELEMENTS--GENERAL INFORMATION
fixed length control field 181216s||||||||xx |||||||||||||| ||und||
040 ## - CATALOGING SOURCE
Transcribing agency GE_BSU
080 ## - UNIVERSAL DECIMAL CLASSIFICATION NUMBER
Universal Decimal Classification number 630(075.8)
100 ## - MAIN ENTRY--PERSONAL NAME
Personal name გიგაური, გ.
245 ## - TITLE STATEMENT
Title ტყეთმოწყობის პრაქტიკუმი.
245 ## - TITLE STATEMENT
Statement of responsibility, etc. რელ.ვ.მირზაშვილი
260 ## - PUBLICATION, DISTRIBUTION, ETC.
Place of publication, distribution, etc. თბილისი
260 ## - PUBLICATION, DISTRIBUTION, ETC.
Name of publisher, distributor, etc. ცოდნა
260 ## - PUBLICATION, DISTRIBUTION, ETC.
Date of publication, distribution, etc. 1963
300 ## - PHYSICAL DESCRIPTION
Extent 211 გვ.23 სმ.
653 ## - INDEX TERM--UNCONTROLLED
Uncontrolled term ტყეთმოწყობის პრაქტიკუმი.
653 ## - INDEX TERM--UNCONTROLLED
Uncontrolled term ტყეღმოწყობა
942 ## - ADDED ENTRY ELEMENTS (KOHA)
Koha item type წიგნი
ეგზემპლარები
Withdrawn status Lost status Damaged status Not for loan Date acquired Barcode Date last seen Price effective from Koha item type
        2018-12-17 2781 2018-12-17 2018-12-17 წიგნი